000 01015nam a2200265 a 4500
001 81786
003 BD-RjUL
005 20230827154814.0
008 230827s2014 ii ||||| |||| 00| 0 eng d
020 _a9788129520586
035 _a(BD-RjUL)81786
040 _aBD-RjUL
_beng
_cBD-RjUL
041 _aben
082 _223
_a891.4414
_bDER 2014
100 _aদে ,কিরণশশী.
_98622
245 _aরবীন্দ্র সঙ্গীত সুষমা /
_cকিরনশশী দে
250 _aদ্বিতীয় দে'জ পরিমার্জিত ও পরিবর্ধিত সং.
260 _aকলিকাতা :
_bদেজ পাবলিশিং,
_c২০১৪
300 _a২২৪ পৃ.;
_c২২ সেমি.
600 _aঠাকুর, রবীন্দ্রনাথ,
_d১৮৬১-১৯৪১
600 _aTagore, Rabindranath,
_d1861-1941
650 _aগান, বাংলা
650 _aSongs, Bengali
942 _2ddc
_cBK
999 _c81786
_d81786